| 000 | 00607nam a22001817a 4500 | ||
|---|---|---|---|
| 005 | 20251108172901.0 | ||
| 008 | 250721s2004 xx 000 0 ara d | ||
| 082 | 1 | 4 | _a216.9262/رجب |
| 100 | 1 | _aإبن رجب، زين الدين أبو الفرج عبد الرحمن.................... | |
| 245 | 1 | 0 | _aالاستخراج لاحكام الخراج / |
| 264 | 1 |
_aبيروت : _bبيت الافكار الدوليه، _c2004. |
|
| 300 | _a244 ص. | ||
| 650 | 1 | 7 | _aالفقه الإسلامي |
| 650 | 1 | 7 | _aالأحكام الشرعية |
| 650 | 1 | 7 | _aالخراج |
| 942 |
_2ddc _cBK |
||
| 999 |
_c90875 _d90875 |
||